UEFA Champions League Top Scorers 2017/18 - Statistics

General Stats
  • This quiz has been taken 397 times
    364 since last reset
  • The average score is 11 of 16
Answer Stats
Club # MPG Player % Correct
Real Madrid 15 78 Cristiano Ronaldo
100%
Liverpool 10 93 Mohamed Salah
98%
Barcelona 6 131 Lionel Messi
94%
Liverpool 10 93 Sadio Mané
93%
Tottenham 7 85 Harry Kane
92%
Paris Saint-Germain 6 105 Neymar
89%
Liverpool 10 106 Roberto Firmino
89%
Bayern Munich 5 191 Robert Lewandowski
82%
Paris Saint-Germain 7 97 Edinson Cavani
80%
Liverpool/Barcelona 5 69 Philippe Coutinho
79%
Roma 8 135 Edin Dzeko
61%
Juventus 5 166 Gonzalo Higuaín
57%
Manchester United 5 141 Romelu Lukaku
47%
Sevilla 8 73 Wissam Ben Yedder
34%
FC Porto 5 99 Vincent Aboubakar
15%
Real Madrid 5 120 Karim Benzema
4%
No matching quizzes found
Score Distribution
Percent of People with Each Score
Percentile by Number Answered
Your Score History
You have not taken this quiz since the last reset